000
00232nam a22000857a 4500
999
_c
3361
_d
3361
008
160922b xxu||||| |||| 00| 0 eng d
020
_a
9780470924297
100
_9
704
_a
Tortona.G.J
245
_a
Anatomy & Physiology
260
_a
United Kingdom
_b
John Publications
_c
2011